000 00775nam a22001937a 4500
999 _c274160
_d274160
008 201130b ||||| |||| 00| 0 eng d
040 _bger
_cDE-2950
_erda
_aDE-2950
041 _ager
100 _aWaldmann, Nancy:
245 _aNPD-Funktionär ist zurück.
_bDemo: Die Szene wirkte passiv, nun rufen Rechtsextreme zum zweiten Mal in drei Monaten zur Kundgebung in Frankfurt. Treibende Kraft ist Sigfried Pauly /
_cNancy Waldmann
264 _c2021
653 _aFrankfurt (Oder)
653 _aRechtsextremismus
773 _dFrankfurt (Oder): Märkisches Verlags- und Druckhaus GmbH & Co KG
_g32. Jahrgang (2021) Nr. 164 vom 17./18.07.2021, S.17. : Foto
_tMärkische Oderzeitung
942 _cA